| 000 | 00931nam a2200265 a 4500 | ||
|---|---|---|---|
| 001 | 000012997 | ||
| 005 | 20240530073916.0 | ||
| 008 | 091119s1993 dr r 001 f spa d | ||
| 040 |
_aDO-SdBNP _bspa _cBNPHU |
||
| 082 |
_aRD863.44 _bS474q, 1993 |
||
| 100 |
_aSención, Viriato, _d1941- _927776 |
||
| 245 | 1 | 4 |
_aLos que falsificaron la firma de Dios / _cViriato Sención ; edición Juan Bautista Castillo, Guillermo Sención. |
| 250 | _a4a. ed. | ||
| 260 |
_aSanto Domingo : _bTaller, _c1993. |
||
| 300 |
_a323 p. ; _c22 cm. |
||
| 490 | 1 |
_aBiblioteca Taller _v288 |
|
| 586 | _aPremio Nacional de Novela, 1992 | ||
| 590 | _aInventariado, 2019/VM | ||
| 650 | 0 |
_aNovela dominicana _9223 |
|
| 650 | 0 |
_aLiteratura dominicana. _967 |
|
| 700 | 1 |
_aBautista Castillo, Juan, _eed. _929969 |
|
| 700 | 1 |
_aSención, Guillermo, _d1957- _eed. _979660 |
|
| 830 | 0 |
_aBiblioteca Taller _v288 _9164 |
|
| 910 | _aValidado. Control de calidad. MMOLINA | ||
| 999 |
_c12644 _d12644 |
||